| Tag |
First Indicator |
Second Indicator |
Subfields |
| LEADER |
00000cam a2200000 4500 |
| 001 |
in00000095056 |
| 005 |
20150927110630.0 |
| 008 |
700710s1970 inu b 00100 engx |
| 010 |
|
|
|a 76098986
|
| 035 |
|
|
|a (OCoLC)00082088
|
| 035 |
|
|
|9 AAL6936AM
|
| 037 |
|
|
|c 17.50
|
| 040 |
|
|
|a DLC
|c DLC
|d TXA
|d UtOrBLW
|
| 041 |
1 |
|
|a eng
|a heb
|
| 049 |
|
|
|a TXAM
|c [706076]
|
| 050 |
0 |
0 |
|a BM755.I8
|b D613
|
| 082 |
0 |
|
|a 296.8/33
|
| 100 |
0 |
|
|a Dov Baer ben Samuel,
|c of Linits.
|
| 240 |
1 |
0 |
|a Shivhe ha-Besht. English
|
| 245 |
1 |
0 |
|a In praise of Baal Shem Tov [Shivhei ha-Besht] ;
|b the earliest collection of legends about the founder of Hasidism /
|c Translated and edited by Dan Ben-Amos & Jerome R. Mintz.
|
| 264 |
|
1 |
|a Bloomington :
|b Indiana University Press,
|c [1970]
|
| 300 |
|
|
|a xxx, 352 pages ;
|c 25 cm.
|
| 336 |
|
|
|a text
|b txt
|2 rdacontent
|
| 337 |
|
|
|a unmediated
|b n
|2 rdamedia
|
| 338 |
|
|
|a volume
|b nc
|2 rdacarrier
|
| 500 |
|
|
|a Translation of Shivhe ha-Besht. (romanized form)
|
| 504 |
|
|
|a Bibliography: pages [273]-279.
|
| 600 |
1 |
0 |
|a Baʻal Shem Ṭov,
|d approximately 1700-1760.
|
| 650 |
|
0 |
|a Hasidim
|v Legends.
|
| 700 |
1 |
|
|a Ben-Amos, Dan.
|
| 700 |
1 |
|
|a Mintz, Jerome R.
|
| 999 |
|
|
|a MARS
|
| 999 |
f |
f |
|s 8bf92eb6-14fb-37f1-8a7e-8c4b3c5f9d2b
|i ee32187f-cfc5-34d4-a01d-76c0651b169d
|t 0
|
| 952 |
f |
f |
|p normal
|a Texas A&M University
|b College Station
|c Sterling C. Evans Library
|d Evans: Library Stacks
|t 0
|e BM755.I8 D613
|h Library of Congress classification
|i unmediated -- volume
|m A14801753019
|
| 998 |
f |
f |
|a BM755.I8 D613
|t 0
|l Evans: Library Stacks
|